V Marks the Spot - Statistics

General Stats
  • This quiz has been taken 101 times
  • The average score is 13 of 21
Answer Stats
Hint Answer % Correct
Snorkel user Diver
91%
Poe bird Raven
88%
Hound Dog singer Elvis
83%
Assembly of witches Coven
78%
Blacksmith's iron block Anvil
74%
Cases for holding arrows Quivers
74%
Nun's residence Convent
72%
Dug out of the ground Excavated
71%
Attraction to the earth? Gravity
70%
Star-watching room Observatory
67%
Netflix offering Movie
64%
Tennessee capital Nashville
64%
Rigan resident Latvian
57%
Easily agitated, anxious Nervous
56%
Bolero composer Ravel
52%
Swaggering courage Bravado
45%
Psychic, fortune teller Clairvoyant
40%
River barrier Levee
40%
Eiderdown Duvet
30%
Courteous, polite Civil
26%
Seclusion, alone time Privacy
13%
No matching quizzes found
Score Distribution
Percent of People with Each Score
Percentile by Number Answered
Your Score History
You have not taken this quiz